[Event "CUPA TC IND"]
[Site "Ploiesti ROM"]
[Date "2002.09.14"]
[Round "1"]
[White "Pogorevici, Leonid"]
[Black "Dobre, Claudiu Cristian"]
[Result "0-1"]
[WhiteElo "2144"]
[BlackElo "2002"]
[PlyCount "82"]
[EventDate "2002.09.14"]
[Source "Mark Crowther"]
[SourceDate "2002.11.04"]

1. Nf3 c5 2. c4 Nc6 3. Nc3 g6 4. g3 Bg7 5. Bg2 e5 6. O-O Nge7 7. d3 O-O 8. e4
d6 9. Be3 h6 10. Qd2 Kh7 11. h3 Be6 12. Nd5 Qd7 13. Kh2 f5 14. Qe2 Rab8 15. a4
Rf7 16. Bd2 Rbf8 17. Bc3 g5 18. Ng1 Kg8 19. Qd2 f4 20. b4 f3 21. Bh1 cxb4 22.
Nxe7+ Qxe7 23. Bxb4 g4 24. Ba3 h5 25. Bc1 Bf6 26. Qh6 Rh7 27. Qe3 Rff7 28. Rb1
Nd4 29. Qe1 h4 30. Be3 hxg3+ 31. fxg3 Rxh3+ 32. Nxh3 Rh7 33. Bg2 fxg2 34. Kxg2
Nf3 35. Rxf3 gxf3+ 36. Kxf3 Rxh3 37. Bxa7 Qh7 38. Qg1 Bg4+ 39. Kg2 Rxg3+ 40.
Kf2 Rxg1 41. Rxg1 Qh2+ 0-1

[Event "Ploiesti TC IND Cup op"]
[Site "Ploiesti"]
[Date "2002.09.19"]
[Round "3"]
[White "Mosnegutu, Klauss"]
[Black "Dobre, Claudiu Cristian"]
[Result "0-1"]
[WhiteElo "2187"]
[BlackElo "2002"]
[PlyCount "58"]
[EventDate "2002.09.14"]
[EventType "swiss"]
[EventRounds "11"]
[EventCountry "ROM"]
[Source "ChessBase"]
[SourceDate "2002.11.25"]

1. d4 d5 2. c4 e6 3. Nc3 Nf6 4. Bg5 Nbd7 5. e3 c6 6. Nf3 Be7 7. Bd3 O-O 8. O-O
dxc4 9. Bxc4 Nd5 10. Bxe7 Qxe7 11. e4 N5b6 12. Bb3 e5 13. dxe5 Nxe5 14. Nxe5
Qxe5 15. f4 Qe7 16. Qh5 Be6 17. f5 Qc5+ 18. Kh1 Bxb3 19. axb3 Nd7 20. g4 f6 21.
g5 Qe7 22. gxf6 Nxf6 23. Qg5 Rf7 24. Qe3 Re8 25. Qxa7 Nxe4 26. Rfe1 Qh4 27. Re3
Rxf5 28. Rae1 Rf2 29. h3 Qf4 0-1

[Event "Ploiesti TC IND Cup op"]
[Site "Ploiesti"]
[Date "2002.09.21"]
[Round "4"]
[White "Dobre, Claudiu Cristian"]
[Black "Miron, Lucian Costin"]
[Result "0-1"]
[WhiteElo "2002"]
[BlackElo "2082"]
[PlyCount "122"]
[EventDate "2002.09.14"]
[EventType "swiss"]
[EventRounds "11"]
[EventCountry "ROM"]
[Source "ChessBase"]
[SourceDate "2002.11.25"]

1. d4 Nf6 2. c4 g6 3. Nc3 Bg7 4. e4 d6 5. h3 c5 6. dxc5 Qa5 7. Bd3 Nfd7 8. Nge2
Nxc5 9. O-O Nc6 10. Bc2 O-O 11. a3 Qd8 12. Be3 Be6 13. b4 Nd7 14. Bb3 a5 15. b5
Nce5 16. Nd5 Bxd5 17. cxd5 Rc8 18. Bd4 Nc5 19. Bc2 Ned7 20. a4 Bxd4 21. Qxd4
Nb6 22. Qd2 Nc4 23. Qd4 Nd7 24. Bb3 Qb6 25. Rfd1 Qxd4 26. Nxd4 Rc5 27. f3 Ncb6
28. Rac1 Rfc8 29. Ne2 Rxc1 30. Rxc1 Rxc1+ 31. Nxc1 Nc5 32. Kf2 Nbxa4 33. Bxa4
Nxa4 34. Nb3 b6 35. Ke3 Kf8 36. Nd2 Nc5 37. Nc4 Nd7 38. f4 f6 39. g4 Ke8 40.
Kd4 Kd8 41. Kc3 Kc7 42. Kd4 Kb8 43. h4 Kc7 44. Ke3 h6 45. Kf3 Kb7 46. Na3 Nc5
47. f5 g5 48. h5 Nd3 49. Kg2 Ne5 50. Kh3 a4 51. Kg3 Ka7 52. Kh3 Nf3 53. Nc4 Nd4
54. Na3 Nxb5 55. Nxb5+ Ka6 56. Nd4 b5 57. Nc6 a3 58. e5 dxe5 59. Nxe7 a2 60. d6
a1=Q 61. d7 Qa3+ 0-1

[Event "Ploiesti TC IND Cup op"]
[Site "Ploiesti"]
[Date "2002.09.22"]
[Round "5"]
[White "Dobrin, Catalin"]
[Black "Dobre, Claudiu Cristian"]
[Result "1/2-1/2"]
[WhiteElo "2069"]
[BlackElo "2002"]
[PlyCount "109"]
[EventDate "2002.09.14"]
[EventType "swiss"]
[EventRounds "11"]
[EventCountry "ROM"]
[Source "ChessBase"]
[SourceDate "2002.11.25"]

1. d4 d5 2. c4 e6 3. Nc3 Nf6 4. cxd5 exd5 5. Bg5 c6 6. e3 Bf5 7. Qf3 Bg6 8.
Bxf6 gxf6 9. Nge2 Be7 10. Nf4 Qb6 11. Nxg6 hxg6 12. Rb1 Na6 13. Be2 Nc7 14. O-O
Ne6 15. b4 a6 16. a4 Bd6 17. g3 Qd8 18. b5 axb5 19. axb5 Ng5 20. Qg2 f5 21.
bxc6 bxc6 22. Rb7 O-O 23. h4 Ne6 24. Qh3 Qa5 25. h5 Rfb8 26. Rfb1 Rxb7 27. Rxb7
Rb8 28. Rd7 Rd8 29. Rxd8+ Qxd8 30. hxg6 fxg6 31. Qh6 Nf8 32. Bf3 Qa5 33. Ne2
Qc7 34. Nc3 Qa5 35. Ne2 Qc7 36. Nf4 Qh7 37. Qxh7+ Kxh7 38. Bd1 g5 39. Nd3 Ne6
40. Ba4 Nd8 41. Kf1 Kg6 42. Ke1 f4 43. gxf4 gxf4 44. Kd2 Kf5 45. f3 fxe3+ 46.
Kxe3 Bf8 47. Ne5 c5 48. Bd7+ Ne6 49. Nc6 Kf6 50. Bxe6 Kxe6 51. dxc5 Bxc5+ 52.
Kd3 Kf5 53. Nd4+ Kf4 54. Ne6+ Kxf3 55. Nxc5 1/2-1/2

[Event "Ploiesti TC IND Cup op"]
[Site "Ploiesti"]
[Date "2002.09.26"]
[Round "6"]
[White "Bohiltea, Florin Viorel"]
[Black "Dobre, Claudiu Cristian"]
[Result "1/2-1/2"]
[WhiteElo "2214"]
[BlackElo "2002"]
[PlyCount "79"]
[EventDate "2002.09.14"]
[EventType "swiss"]
[EventRounds "11"]
[EventCountry "ROM"]
[Source "ChessBase"]
[SourceDate "2002.11.25"]

1. e4 e5 2. Nf3 Nc6 3. Bb5 d6 4. d4 Bd7 5. Nc3 Nf6 6. Bg5 Be7 7. O-O O-O 8. h3
Re8 9. dxe5 Nxe5 10. Nxe5 Bxb5 11. Nxb5 dxe5 12. Bxf6 Bxf6 13. Qxd8 Rexd8 14.
Rad1 c6 15. Nd6 Rd7 16. Rd3 Rad8 17. Rfd1 b6 18. Ne8 Rxd3 19. Nxf6+ gxf6 20.
cxd3 c5 21. b3 f5 22. Re1 fxe4 23. dxe4 Rd2 24. a4 Rd3 25. Re3 Rxe3 26. fxe3 a6
27. Kf2 b5 28. Ke2 h5 29. g3 Kg7 30. Kd3 Kg6 31. Kc3 Kg5 32. axb5 axb5 33. Kd3
f6 34. Kc3 f5 35. exf5 Kxf5 36. Kd3 e4+ 37. Kc3 Ke5 38. b4 c4 39. Kd2 Kf5 40.
Kc3 1/2-1/2

[Event "Ploiesti TC IND Cup op"]
[Site "Ploiesti"]
[Date "2002.10.29"]
[Round "9"]
[White "Dobre, Claudiu Cristian"]
[Black "Lazar, Iosif"]
[Result "1-0"]
[WhiteElo "2002"]
[BlackElo "2119"]
[PlyCount "67"]
[EventDate "2002.09.14"]
[EventType "swiss"]
[EventRounds "11"]
[EventCountry "ROM"]
[Source "ChessBase"]
[SourceDate "2002.11.25"]

1. d4 Nf6 2. c4 c5 3. d5 g6 4. Nc3 d6 5. e4 Bg7 6. h3 O-O 7. Bg5 a6 8. a4 h6 9.
Be3 Nbd7 10. Nf3 Re8 11. Bd3 e6 12. O-O exd5 13. exd5 Ne5 14. Nxe5 dxe5 15.
Bxc5 e4 16. Be2 Nd7 17. Bd4 f5 18. f4 Nf6 19. Qd2 Bd7 20. Nd1 b5 21. axb5 axb5
22. Rxa8 Qxa8 23. b3 Qa3 24. Qc3 Rf8 25. Ne3 bxc4 26. bxc4 Qxc3 27. Bxc3 Rc8
28. Rb1 Be8 29. Rb7 Bf7 30. Be5 Nh5 31. Bxh5 gxh5 32. Bxg7 Kxg7 33. Nxf5+ Kg6
34. Ne7+ 1-0

[Event "Ploiesti TC IND Cup op"]
[Site "Ploiesti"]
[Date "2002.10.01"]
[Round "10"]
[White "Dobre, Claudiu Cristian"]
[Black "Barbu, Nicolae"]
[Result "1/2-1/2"]
[WhiteElo "2002"]
[BlackElo "2202"]
[PlyCount "121"]
[EventDate "2002.09.14"]
[EventType "swiss"]
[EventRounds "11"]
[EventCountry "ROM"]
[Source "ChessBase"]
[SourceDate "2002.11.25"]

1. d4 Nf6 2. Nf3 g6 3. e3 Bg7 4. Bd3 O-O 5. Nbd2 d6 6. O-O c6 7. Re1 Nbd7 8. e4
e5 9. c3 Qc7 10. a4 Nh5 11. g3 h6 12. Bf1 Re8 13. dxe5 dxe5 14. Nc4 Nf8 15. Qd6
Qxd6 16. Nxd6 Re7 17. Nxc8 Rxc8 18. Be3 Ra8 19. Nd2 f5 20. exf5 gxf5 21. Bd3 e4
22. Bc4+ Kh7 23. f3 Nf6 24. fxe4 fxe4 25. Bd4 N8d7 26. Re2 a6 27. Rae1 b5 28.
axb5 axb5 29. Bd3 Kg6 30. Nxe4 Nd5 31. Bxg7 Kxg7 32. Nd6 Rxe2 33. Rxe2 Ra2 34.
c4 bxc4 35. Bxc4 Ra1+ 36. Kg2 N7f6 37. Bd3 h5 38. Nf5+ Kf7 39. Nd4 Rd1 40. Nxc6
Kg7 41. Bf5 Rc1 42. Nd4 Kh6 43. Nb3 Rc6 44. Nd2 Kg5 45. Nf3+ Kh6 46. Kf2 Rb6
47. h3 Rb5 48. Bd3 Rb4 49. Ne5 h4 50. Bc4 hxg3+ 51. Kxg3 Nh5+ 52. Kf3 Ndf4 53.
Rh2 Kg5 54. b3 Kh4 55. Ng4 Rb8 56. Ne5 Re8 57. Nd3 Nxh3 58. Nf2 Rf8+ 59. Ke3
Rxf2 60. Rxh3+ Kxh3 61. Kxf2 1/2-1/2

[Event "Ploiesti TC IND Cup op"]
[Site "Ploiesti"]
[Date "2002.10.03"]
[Round "11"]
[White "Mosnegutu (Munteanu), Mariana"]
[Black "Dobre, Claudiu Cristian"]
[Result "1-0"]
[WhiteElo "2238"]
[BlackElo "2002"]
[PlyCount "117"]
[EventDate "2002.09.14"]
[EventType "swiss"]
[EventRounds "11"]
[EventCountry "ROM"]
[Source "ChessBase"]
[SourceDate "2002.11.25"]

1. e4 e5 2. Nc3 Nf6 3. g3 Bc5 4. Bg2 O-O 5. d3 Nc6 6. h3 h6 7. Nge2 a6 8. O-O
Ne7 9. d4 exd4 10. Nxd4 d6 11. Be3 Re8 12. Kh2 Ng6 13. a3 Ne5 14. b3 b5 15. Re1
Bb7 16. f4 Ned7 17. b4 Ba7 18. Bg1 Qb8 19. Qd3 Bb6 20. Rad1 Qa7 21. Re2 Rad8
22. Rde1 Ne5 23. fxe5 dxe5 24. Nd5 Bxd5 25. Nxb5 Bxg1+ 26. Rxg1 axb5 27. exd5
Qd4 28. Qxb5 Nxd5 29. Bxd5 Qxd5 30. Qxd5 Rxd5 31. a4 e4 32. a5 Rb5 33. c3 c5
34. Rb1 cxb4 35. cxb4 Ra8 36. Rxe4 Raxa5 37. bxa5 Rxb1 38. Ra4 Rb2+ 39. Kg1 Rb7
40. Kf2 f5 41. Ke3 Kf7 42. Kd4 Ke6 43. Kc5 g5 44. a6 Ra7 45. Kb6 Ra8 46. Kb7
Rf8 47. a7 f4 48. gxf4 gxf4 49. a8=Q Rxa8 50. Rxa8 Ke5 51. Kc6 f3 52. Rf8 Ke4
53. h4 Ke3 54. Kd5 f2 55. h5 Ke2 56. Ke5 Ke1 57. Rf6 f1=Q 58. Rxf1+ Kxf1 59.
Kf5 1-0

[Event "Finala CN B20"]
[Site "?"]
[Date "2002.05.11"]
[Round "1"]
[White "Dobre, Claudiu Cristian"]
[Black "Grecescu, Gabriel Andrei"]
[Result "0-1"]
[WhiteElo "2002"]
[BlackElo "2291"]
[PlyCount "80"]
[EventDate "2002.??.??"]

1. d4 Nf6 2. c4 e6 3. Nc3 Bb4 4. f3 d5 5. a3 Bxc3+ 6. bxc3 O-O 7. e3 c5 8. cxd5
exd5 9. Bd3 b6 10. Ne2 Ba6 11. Bxa6 Nxa6 12. Qd3 Nc7 13. O-O Qd7 14. e4 dxe4
15. fxe4 Rfe8 16. Ng3 cxd4 17. cxd4 Ne6 18. Nf5 Nf8 19. d5 Nxe4 20. Bb2 f6 21.
d6 Ng6 22. h4 Nc5 23. Qg3 Qb5 24. h5 Qxb2 25. hxg6 h6 26. Qh3 Re4 27. Rad1 Ne6
28. d7 Rd8 29. Rfe1 Qc2 30. Rxe4 Qxe4 31. Rd6 Ng5 32. Qb3+ Kh8 33. Qc3 Qxf5 34.
Qc8 Qc5+ 35. Qxc5 bxc5 36. Kh2 Kg8 37. Rd5 Kf8 38. Rxc5 Ke7 39. Rc7 Rxd7 40.
Rc3 Ke6 0-1

[Event "Finala CN B20"]
[Site "?"]
[Date "2002.05.12"]
[Round "2"]
[White "Schmidt, Raul"]
[Black "Dobre, Claudiu Cristian"]
[Result "1/2-1/2"]
[WhiteElo "2108"]
[BlackElo "2002"]
[PlyCount "54"]
[EventDate "2002.??.??"]

1. e4 c5 2. c3 d5 3. exd5 Qxd5 4. d4 Nf6 5. Be3 cxd4 6. cxd4 e6 7. Nf3 Nc6 8.
Nc3 Bb4 9. Bd3 O-O 10. O-O Bxc3 11. bxc3 h6 12. Qe2 b6 13. Rac1 Bb7 14. Rfd1
Rfd8 15. Bf4 Qh5 16. Ne5 Qxe2 17. Bxe2 Nxe5 18. Bxe5 Rac8 19. c4 Ba6 20. Kf1
Ne4 21. f3 Nd6 22. c5 Bxe2+ 23. Kxe2 Nf5 24. g4 Ne7 25. cxb6 Rxc1 26. Rxc1 axb6
27. Rc4 Ra8 1/2-1/2

[Event "Finala CN B20"]
[Site "?"]
[Date "2002.05.13"]
[Round "3"]
[White "Doncea, Vladimir"]
[Black "Dobre, Claudiu Cristian"]
[Result "1-0"]
[WhiteElo "2098"]
[BlackElo "2002"]
[PlyCount "139"]
[EventDate "2002.??.??"]

1. d4 d5 2. c4 e6 3. g3 Nf6 4. Bg2 Be7 5. Nf3 c6 6. Qc2 O-O 7. O-O Nbd7 8. b3
b6 9. Bb2 Ba6 10. Nbd2 Rc8 11. e4 c5 12. Rfe1 dxc4 13. bxc4 cxd4 14. Bxd4 Qc7
15. Qa4 Bxc4 16. e5 b5 17. Qxa7 Nd5 18. Qxc7 Rxc7 19. Nxc4 bxc4 20. Bf1 Ba3 21.
Nd2 Bb4 22. Red1 Nc3 23. Rdc1 Nb5 24. Be3 Bxd2 25. Bxd2 Nd4 26. Bc3 Nf3+ 27.
Kg2 Nfxe5 28. Bxe5 Nxe5 29. f4 Ng4 30. Be2 Ne3+ 31. Kf2 Nd5 32. Rxc4 Rb7 33. a4
g6 34. a5 Ra7 35. Bf3 Rb8 36. a6 Rb6 37. Rca4 Nb4 38. Be2 Nd5 39. Ra5 Kg7 40.
Rb5 Rxb5 41. Bxb5 Kf6 42. Bc4 Nb6 43. Bd3 Ke7 44. Rb1 Nd7 45. Ke3 Nc5 46. Bf1
Kd6 47. Kd4 Rd7 48. a7 Kc6+ 49. Kc4 Rxa7 50. Bg2+ Kd6 51. Rd1+ Ke7 52. Kxc5 Ra2
53. Rg1 f6 54. Kd4 Kd6 55. h4 h6 56. Be4 e5+ 57. fxe5+ fxe5+ 58. Ke3 Ra3+ 59.
Bd3 Kd5 60. Rb1 h5 61. Rb5+ Ke6 62. Rb6+ Kf7 63. Rd6 Rb3 64. Ke4 Rb4+ 65. Kxe5
g5 66. hxg5 Rg4 67. g6+ Ke7 68. Ra6 Rxg3 69. Ra7+ Kf8 70. Kf6 1-0

[Event "Finala CN B20"]
[Site "?"]
[Date "2002.05.14"]
[Round "4"]
[White "Dobre, Claudiu Cristian"]
[Black "Dulman, Egmond Gabriel"]
[Result "1/2-1/2"]
[WhiteElo "2002"]
[BlackElo "2141"]
[PlyCount "35"]
[EventDate "2002.??.??"]

1. d4 Nf6 2. c4 e6 3. Nc3 Bb4 4. f3 d5 5. a3 Be7 6. e4 dxe4 7. fxe4 e5 8. d5
Bc5 9. Nf3 a5 10. Bd3 Qe7 11. Qe2 Nbd7 12. Be3 Bxe3 13. Qxe3 Nc5 14. Bc2 b6 15.
O-O O-O 16. Rab1 a4 17. Kh1 Ng4 18. Qe1 1/2-1/2

[Event "Finala CN B20"]
[Site "?"]
[Date "2002.05.16"]
[Round "6"]
[White "Jianu, Vlad Cristian"]
[Black "Dobre, Claudiu Cristian"]
[Result "1-0"]
[WhiteElo "2421"]
[BlackElo "2002"]
[PlyCount "49"]
[EventDate "2002.??.??"]

1. d4 Nf6 2. c4 c5 3. d5 e6 4. Nc3 exd5 5. cxd5 d6 6. e4 g6 7. Bd3 Bg7 8. Nge2
O-O 9. O-O a6 10. a4 Nbd7 11. h3 Rb8 12. Ng3 Ne8 13. f4 h5 14. e5 dxe5 15. f5
e4 16. Ngxe4 Ne5 17. f6 Nxf6 18. Bg5 Ned7 19. Nxf6+ Bxf6 20. Rxf6 Nxf6 21. Ne4
Qb6 22. a5 Qa7 23. Nxf6+ Kg7 24. Kh1 b5 25. Qf3 1-0

[Event "Finala CN B20"]
[Site "?"]
[Date "2002.05.19"]
[Round "9"]
[White "Vioreanu, Bogdan"]
[Black "Dobre, Claudiu Cristian"]
[Result "1-0"]
[WhiteElo "2375"]
[BlackElo "2002"]
[PlyCount "69"]
[EventDate "2002.??.??"]

1. d4 d5 2. c4 e6 3. Nc3 Nf6 4. cxd5 exd5 5. Bg5 Be7 6. e3 c6 7. Bd3 Nbd7 8.
Qc2 O-O 9. Nge2 Re8 10. O-O h6 11. Bf4 Nf8 12. f3 Ne6 13. Bg3 c5 14. Kh1 cxd4
15. exd4 Bd7 16. Be5 Bc6 17. Ng3 Nd7 18. f4 f6 19. f5 Nec5 20. Bf4 Nxd3 21.
Qxd3 Nb6 22. Nh5 Bf8 23. Qg3 Kh8 24. Qg6 Re7 25. Bxh6 Be8 26. Bxg7+ Bxg7 27.
Qg4 Bxh5 28. Qxh5+ Kg8 29. g4 Re3 30. g5 Qe7 31. Rg1 Re8 32. gxf6 Qxf6 33. Raf1
Nd7 34. Nxd5 Qc6 35. Rxg7+ 1-0

[Event "Semifinala CN juniori_B16"]
[Site "?"]
[Date "2001.??.??"]
[Round "7"]
[White "Lacau Rodean, Lucian"]
[Black "Dobre, Claudiu Cristian"]
[Result "1/2-1/2"]
[WhiteElo "1800"]
[BlackElo "1765"]
[Annotator "BH"]
[PlyCount "92"]
[EventDate "2001.??.??"]
[Source "b/signature.htm"]
[SourceDate "3188127.01.02"]

1. e4 c5 2. Nf3 d6 3. d3 g6 4. g3 Bg7 5. Bg2 e6 6. O-O Nc6 7. c3 Nge7 8. Na3
O-O 9. Be3 Rb8 10. Nc2 b5 11. d4 cxd4 12. cxd4 a5 13. Qd2 Ba6 14. Rfd1 b4 15.
b3 Na7 16. Bh6 Nb5 17. Bf1 Qb6 18. Bxg7 Kxg7 19. Bxb5 Qxb5 20. Qf4 Bb7 21. Ne3
h5 22. d5 Qd7 23. Nc4 e5 24. Qe3 Ba6 25. Rac1 Bxc4 26. Rxc4 Rfc8 27. Rdc1 Rxc4
28. bxc4 Rc8 29. c5 Qc7 30. c6 Rb8 31. Nd2 Nc8 32. Nc4 Rb5 33. f4 f6 34. fxe5
fxe5 35. Rf1 a4 36. Qf3 Qe7 37. Ne3 b3 38. axb3 axb3 39. Rb1 Qa7 40. Rf1 b2 41.
Qf8+ Kh7 42. Rf7+ Qxf7 43. Qxf7+ Kh6 44. Qf8+ Kh7 45. Qf7+ Kh6 46. Qf8+ Kh7
1/2-1/2

[Event "Semifinala CN juniori_B16"]
[Site "?"]
[Date "2001.??.??"]
[Round "8"]
[White "Tudor, Alin Ciprian"]
[Black "Dobre, Claudiu Cristian"]
[Result "1-0"]
[WhiteElo "2130"]
[BlackElo "1765"]
[Annotator "BH"]
[PlyCount "83"]
[EventDate "2001.??.??"]
[Source "b/signature.htm"]
[SourceDate "3188127.01.02"]

1. c4 c5 2. Nc3 Nc6 3. g3 g6 4. Bg2 Bg7 5. e4 e6 6. Nge2 Nge7 7. O-O O-O 8. d3
d6 9. a3 a5 10. Rb1 Nd4 11. Bg5 f6 12. Be3 Nec6 13. Bxd4 cxd4 14. Na4 Bd7 15.
Qb3 Rf7 16. c5 Bf8 17. Nb6 Ra6 18. Nxd7 Qxd7 19. Bh3 f5 20. exf5 exf5 21. cxd6
Bxd6 22. Bg2 Ne7 23. Qxb7 Qxb7 24. Bxb7 Rb6 25. Bf3 Be5 26. Rfc1 Rb3 27. Rc5
Bd6 28. Rxa5 Rxd3 29. Bd5 Nxd5 30. Rxd5 Bxa3 31. bxa3 Rxa3 32. Nxd4 Ra6 33. Kg2
Re7 34. Rb8+ Kf7 35. Rbd8 h6 36. R5d6 Rxd6 37. Rxd6 Re4 38. h4 Ke7 39. Rd5 f4
40. g4 Re1 41. h5 gxh5 42. Rxh5 1-0

[Event "Memorial  Paul  Diaconescu"]
[Site "PLOIESTI"]
[Date "1999.02.??"]
[Round "3"]
[White "Anuta, Laurentiu "]
[Black "Dobre, Claudiu Cristian"]
[Result "1-0"]
[WhiteElo "2100"]
[BlackElo "1710"]
[PlyCount "99"]
[EventDate "1999.02.??"]
[EventType "swiss"]
[EventRounds "8"]
[EventCountry "ROM"]

1. e4 c6 2. d4 d5 3. e5 c5 4. c3 Nc6 5. f4 cxd4 6. cxd4 Bf5 7. Nc3 Qa5 8. Bb5
e6 9. Bd2 Rc8 10. a3 a6 11. Ba4 Qb6 12. Bc1 Be7 13. Nge2 Nh6 14. O-O O-O 15.
Bxc6 Rxc6 16. h3 Rd8 17. g4 Be4 18. f5 exf5 19. Nxe4 fxe4 20. Kh2 Rg6 21. b4
Bg5 22. Bxg5 Rxg5 23. Nf4 f5 24. exf6 gxf6 25. Rc1 Qd6 26. Kh1 f5 27. Qd2 Qe7
28. Ne6 e3 29. Qxe3 Rg6 30. gxf5 Nxf5 31. Rxf5 Rxe6 32. Rg1+ Kh8 33. Qg5 Qxg5
34. Rgxg5 Re4 35. Rf7 Re3 36. Kg2 b5 37. Rf6 Ra8 38. Kf2 Re4 39. Rg4 Rxg4 40.
hxg4 Kg7 41. Rd6 Ra7 42. Kg3 a5 43. Rxd5 axb4 44. axb4 Rb7 45. Rf5 Rd7 46. d5
Kg6 47. Kf4 Rc7 48. Ke5 Rc4 49. Rf4 Rc8 50. d6 1-0

[Event "Memorial  Emil  Macarie"]
[Site "PLOIESTI"]
[Date "1998.12.??"]
[Round "1"]
[White "Dobre, Claudiu Cristian"]
[Black "Anuta, Laurentiu "]
[Result "0-1"]
[WhiteElo "1710"]
[BlackElo "2100"]
[PlyCount "66"]
[EventDate "1998.12.??"]
[EventType "swiss"]
[EventRounds "3"]
[EventCountry "ROM"]

1. d4 Nf6 2. Nf3 g6 3. Bf4 Bg7 4. e3 O-O 5. Bd3 d6 6. c3 Nbd7 7. O-O a6 8. Qe2
c5 9. c4 Re8 10. Rd1 Nh5 11. Bg5 Qc7 12. Nc3 Nhf6 13. Ne4 Nxe4 14. Bxe4 f5 15.
Bc2 e5 16. dxe5 dxe5 17. h3 e4 18. Ne1 Ne5 19. Ba4 Bd7 20. Bxd7 Nxd7 21. Rd2
Nf8 22. Rad1 Ne6 23. Rd7 Qb6 24. R1d6 Qxb2 25. Qxb2 Bxb2 26. Rxb7 Bc3 27. Be7
Nd8 28. Rbd7 Nf7 29. Rd1 Ne5 30. Rc7 Rac8 31. Rxc5 Rxc5 32. Bxc5 Bxe1 33. Rxe1
Nd3 0-1